The global trading system and developing Asia /
Saved in:
| Corporate Authors: | , |
|---|---|
| Other Authors: | , , |
| Format: | Book |
| Language: | English |
| Published: |
Oxford [England] ; New York :
Oxford University Press,
1997.
|
| Subjects: | |
| Tags: |
Add Tag
No Tags, Be the first to tag this record!
|
| LEADER | 02433cam a2200397 a 4500 | ||
|---|---|---|---|
| 001 | 007715534-3 | ||
| 005 | 20020606104010.5 | ||
| 008 | 970709s1997 enka bs 101 0 eng | ||
| 010 | |a 97029597 | ||
| 020 | |a 0195905024 | ||
| 035 | 0 | |a ocm37293394 | |
| 040 | |a DLC |c DLC |d DLC | ||
| 043 | |a a------ |a d------ | ||
| 050 | 0 | 0 | |a HF3752.3 |b .G56 1997 |
| 082 | 0 | 0 | |a 382/.95 |2 21 |
| 245 | 0 | 4 | |a The global trading system and developing Asia / |c edited by Arvind Panagariya, M.G. Quibria, Narhari Rao. |
| 260 | |a Oxford [England] ; |a New York : |b Oxford University Press, |c 1997. | ||
| 300 | |a xxiv, 563 p. : |b ill. ; |c 24 cm. | ||
| 500 | |a "This volume is the outcome of the Asian Development Bank Conference on the Emerging Global Trading Environment and Developing Asia held on 29-30 May 1995 at Bank Headquarters in Manila, Philippines"--P. [xix]. | ||
| 504 | |a Includes bibliographical references and indexes. | ||
| 505 | 0 | |t The World Trading System: The New Challenges -- |t The New Regionalism and Asia: Impact and Options -- |t Capital Market Integration in Developing Asia -- |t Labor Market Integration in Asia -- |t International Labor Standards and Trade Policy -- |t International Trade and the Asian Environment -- |t The Impact of the Multifiber Arrangement Phaseout on the Asian Economies -- |t Trade-Related Intellectual Property Rights and Asian Developing Countries: An Analytical View -- |t Trade Remedies and Legal Remedies: Antidumping, Safeguards, and Dispute Settlement After the Uruguay Round -- |t World Agricultural Trade after the Uruguay Round: Disarray Forever? -- |t Impact of the Uruguay Round on Asia: Trade in Services and Trade-Related Investment Measure | |
| 610 | 2 | 0 | |a World Trade Organization. |
| 630 | 2 | 0 | |a Uruguay Round |d (1987-1994) |
| 650 | 0 | |a Trade blocs |z Asia. | |
| 650 | 0 | |a Trade blocs |z Developing countries. | |
| 651 | 0 | |a Asia |x Commerce. | |
| 651 | 0 | |a Developing countries |x Commerce. | |
| 611 | 2 | 0 | |a Uruguay Round |d (1987-1994) |
| 700 | 1 | |a Panagariya, Arvind. | |
| 700 | 1 | |a Quibria, M. G. |q (Muhammad Ghulam) | |
| 700 | 1 | |a Rao, Narhari. | |
| 710 | 2 | |a Asian Development Bank. | |
| 711 | 2 | |a Asian Development Bank Conference on the Emerging Global Trading Environment and Developing Asia |d (1995 : |c Manila, Philippines) | |
| 776 | 0 | 8 | |i Online version: |t Global trading system and developing Asia. |d Oxford [England] ; New York : Oxford University Press, 1997 |w (OCoLC)647382718 |
| 988 | |a 20020608 | ||
| 906 | |0 DLC | ||


